01273nac a22002651u 4500010001600000020001700016082001600033090001500049100003400064111009100098245014400189260011100333300003500444500005600479500009800535500002000633500002800653511002900681650004800710710002700758740008500785942001800870999001500888952010400903 a 85214800 a0903608901 :00a621.86bHOL c5712d5712 aHollier, Prof.R.H [ed. 2 aInternational Conference on Automated Materials Handlingd1985 :cBirmingham, England)10aAutomated materials handling :bproceedings of the 2nd international conference : 15-17 May 1985, Birmingham, UK /cedited by R.H. Hollier. aKempston, Bedford, England :bIFS Publications ;aNew York, NY :bElsevier Science Pub. Co.,c1985.cc1985. aviii, 282 p. :bill. ;c31 cm. a"Organised and sponsored by IFS (Conferences) Ltd." aCover title: Proceedings of the 2nd International Conference on Automated Materials Handling. aIncludes index. aDistributer : Al-Ahram. aCatalogued By : mahitab. 0aMaterials handlingxAutomationxCongresses.2 aIFS (Conferences) Ltd.0 aProceedings of the 2nd International Conference on Automated Materials Handling. cBBk621.86HOL c5712d5712 00104070aMAINbMAINc1STd2007-11-04ePurchasel0o621.86HOLp000007021r2025-07-15 00:00:00yBB